<?xml version="1.0" encoding="UTF-8"?>
<record
    xmlns:xsi="http://www.w3.org/2001/XMLSchema-instance"
    xsi:schemaLocation="http://www.loc.gov/MARC21/slim http://www.loc.gov/standards/marcxml/schema/MARC21slim.xsd"
    xmlns="http://www.loc.gov/MARC21/slim">

  <leader>01701    a2200193   4500</leader>
  <datafield tag="020" ind1=" " ind2=" ">
    <subfield code="a">084931657X</subfield>
  </datafield>
  <datafield tag="040" ind1=" " ind2=" ">
    <subfield code="a">DLC</subfield>
    <subfield code="b">DLC</subfield>
  </datafield>
  <datafield tag="245" ind1="0" ind2="0">
    <subfield code="a">Signal processing for mobile communications handbook</subfield>
    <subfield code="c">edited by Mohamed Ibnkahla.</subfield>
  </datafield>
  <datafield tag="246" ind1="3" ind2=" ">
    <subfield code="a">Signal processing for mobile communications handbook [electronic resource]</subfield>
  </datafield>
  <datafield tag="260" ind1=" " ind2=" ">
    <subfield code="a">Boca Raton, Fla. :</subfield>
    <subfield code="b">CRC Press,</subfield>
    <subfield code="c">2004.</subfield>
  </datafield>
  <datafield tag="300" ind1=" " ind2=" ">
    <subfield code="a">1 v. (various pagings ) :</subfield>
    <subfield code="b">ill. ;</subfield>
    <subfield code="c">27 cm.</subfield>
  </datafield>
  <datafield tag="520" ind1="1" ind2=" ">
    <subfield code="a">"Signal Processing for Mobile Communications Handbook provides a comprehensive survey of signal processing techniques used in mobile communications that concern the transmitter, the receiver, and the propagation channel. Distinguished contributors discuss a spectrum of topics, including 4-G mobile communication challenges, adaptive coded modulation, channel modeling, estimation and identification, diversity combining and adaptive equalization, multi-user detection, DSP for OFDM, synchronization, and more. Emerging techniques such as neural networks, Monte Carlo Markov Chain (MCMC) methods, time-frequency analysis, and Chaos are also explored." "Presented in a tutorial format with hundreds of figures and tables, this handbook makes signal processing as applied to digital communications accessible for all professionals, researchers, and students involved in mobile communications."--BK JACKET.</subfield>
  </datafield>
  <datafield tag="650" ind1=" " ind2="0">
    <subfield code="a">Signal processing.</subfield>
  </datafield>
  <datafield tag="650" ind1=" " ind2="0">
    <subfield code="a">Mobile communication systems.</subfield>
  </datafield>
  <datafield tag="700" ind1="1" ind2=" ">
    <subfield code="a">Ibnkahla, Mohamed.</subfield>
  </datafield>
  <datafield tag="856" ind1="4" ind2="1">
    <subfield code="u">http://libproxy1.nus.edu.sg/login?url=http://www.engnetbase.com/books/1419/1657_fm.pdf</subfield>
  </datafield>
  <datafield tag="856" ind1="4" ind2="1">
    <subfield code="u">http://libproxy1.nus.edu.sg/login?url=http://www.telecommunicationsnetbase.com/books/1419/1657_fm.pdf</subfield>
  </datafield>
  <datafield tag="942" ind1=" " ind2=" ">
    <subfield code="c">BK</subfield>
    <subfield code="k">621.3822 IBN</subfield>
    <subfield code="2">ddc</subfield>
  </datafield>
  <datafield tag="999" ind1=" " ind2=" ">
    <subfield code="c">8323</subfield>
    <subfield code="d">8323</subfield>
  </datafield>
  <datafield tag="952" ind1=" " ind2=" ">
    <subfield code="0">0</subfield>
    <subfield code="1">0</subfield>
    <subfield code="4">0</subfield>
    <subfield code="7">0</subfield>
    <subfield code="8">NFIC</subfield>
    <subfield code="a">CL</subfield>
    <subfield code="b">CL</subfield>
    <subfield code="c">GEN</subfield>
    <subfield code="d">2005-03-17</subfield>
    <subfield code="e">A&amp;J Def Tek Consultant</subfield>
    <subfield code="g">9604.75</subfield>
    <subfield code="o">621.3822 IBN</subfield>
    <subfield code="p">SEECS005436</subfield>
    <subfield code="r">2012-11-14</subfield>
    <subfield code="w">2017-01-05</subfield>
    <subfield code="y">REF</subfield>
  </datafield>
</record>
